000
00245nam a2200097Ia 4500
001
663297
005
20250826160210.0
008
250824s9999 xx 000 0 und d
245
0
_a
11 Çürük ve Kokuşmuş
_c
R. L. Stine
260
_b
BEYAZ BALİNA
999
_c
663297
_d
663297